| 000 | 01181nam a2200313 i 4500 | ||
|---|---|---|---|
| 001 | 184536 | ||
| 003 | ES-MaACL | ||
| 005 | 20260216063025.0 | ||
| 007 | t| | ||
| 008 | 151019s2010 sp m s |||| | spa d | ||
| 020 | _a978-84-938395-5-0 | ||
| 080 | _a26 Asá, Abraham | ||
| 080 | _a27-244.32-27(=134.28) | ||
| 100 | 1 |
_aAlbarral, Purificación, _d1964- _9157927 |
|
| 245 | 1 | 0 |
_aBiblia de Abraham Asá _b: "los doce profetas menores" / _cPurificación Albarral Albarral. |
| 260 |
_aLogroño : _bCilengua, Fundación San Millán de la Cogolla, _c2010. |
||
| 300 |
_a65 p. ; _c24 cm + _e1 CD-ROM. |
||
| 490 | 1 |
_aBiblias hispánicas. _aColección digital |
|
| 504 | _aReferencias bibliográficas. | ||
| 600 | 1 | 7 |
_aAsa, Abraham. _9157928 |
| 630 | 0 | 4 |
_aBiblia. _pA.T. _pProfetas menores. _9157929 |
| 710 | 2 |
_aFundación San Millán de la Cogolla. _94413 |
|
| 830 | 0 |
_aBiblias hispánicas. _aColección digital _9225085 |
|
| 852 |
_aES-MaACL _jA-13585 _9191536 _bR.150825 _cDEPO1 _dOlim: N-6585 _hReal Academia Española |
||
| 852 | 1 |
_aBA _jROT 2/7/1 (CD-ROM) |
|
| 914 |
_96336 _aReal Academia Española _ednr |
||
| 942 |
_2udc _cMONOGRAFIA |
||
| 999 |
_c184536 _d184536 |
||